Top 10 Current NBA Dunkers - Statistics

General Stats
  • This quiz has been taken 41 times
  • The average score is 6 of 10
Answer Stats
Rank Player % Correct
5 LeBron James
89%
10 Blake Griffin
84%
7 Russell Westbrook
82%
1 Zach LaVine
68%
9 DeAndre Jordan
66%
6 Aaron Gordon
61%
2 Giannis Antetokounmpo
50%
8 DeMar DeRozan
39%
3 Andrew Wiggins
34%
4 Jaylen Brown
8%
No matching quizzes found
Score Distribution
Percent of People with Each Score
Percentile by Number Answered
Your Score History
You have not taken this quiz